Tomato Dishes - Sudden Death - Statistics

General Stats
  • This quiz has been taken 141 times
  • The average score is 7 of 16
Answers on the Grid
Answers color-coded by a green-red scale on the quiz's grid according to % correct below.
Butter chicken
Pizza Margherita
Penne all'arrabbiata
Penne alla vodka
BLT
Gazpacho
Caprese salad
Harira
Shakshouka
Gibelotte de Sorel
Ratatouille
Moules à la provençale
Veal Marengo
Stuffed tomatoes
Lasagna bolognese
Nigerian jollof rice
Wurstsalat
Rosolli
Caesar salad
Gratin dauphinois
Moules marinières
Bacalhau com natas
Chicken piccata
Fettuccine Alfredo
Pesto rigatoni
Carciofi alla romana
Spaghetti alla carbonara
Fish and brewis
 
Answer Stats
Answer % Correct
Stuffed tomatoes
68%
BLT
67%
Pizza Margherita
65%
Lasagna bolognese
63%
Ratatouille
63%
Gazpacho
59%
Caprese salad
54%
Penne all'arrabbiata
46%
Penne alla vodka
46%
Shakshouka
45%
Butter chicken
29%
Nigerian jollof rice
24%
Harira
16%
Moules à la provençale
15%
Veal Marengo
11%
Gibelotte de Sorel
5%
No matching quizzes found
Score Distribution
Percent of People with Each Score
Percentile by Number Answered
Your Score History
You have not taken this quiz